Desert housing : balancing experience and technology for dwelling in hot arid zones /

Bibliographic Details
Corporate Authors: University of Arizona. Arid Lands Natural Resources Committee, University of Arizona. Office of Arid Lands Studies
Other Authors: Clark, Kenneth N., Paylore, Patricia
Format: Book
Language:English
Published: Tucson, Ariz. : University of Arizona, Office of Arid Lands Studies, 1980.
Subjects:

MARC

Tag First Indicator Second Indicator Subfields
LEADER 00000cam a2200000 i 4500
001 in00000084280
005 20151008055734.0
008 810218s1980 azua b 00000 engm
010 |a  80114135  
035 |a (OCoLC)06174645 
035 |9 AAJ4254AM 
040 |a DLC  |c DLC  |d m.c.  |d TXA  |d UtOrBLW 
049 |a TXAM  |c [800760] 
050 0 0 |a NA7117.A74  |b D47 
082 0 |a 728/.0915/4  |2 19 
245 0 0 |a Desert housing :  |b balancing experience and technology for dwelling in hot arid zones /  |c Kenneth N. Clark and Patricia Paylore, editors ; sponsored by the University of Arizona Arid Lands Natural Resources Committee. 
264 1 |a Tucson, Ariz. :  |b University of Arizona, Office of Arid Lands Studies,  |c 1980. 
300 |a x, 339 pages :  |b illustrations ;  |c 22 x 28 cm. 
336 |a text  |b txt  |2 rdacontent 
337 |a unmediated  |b n  |2 rdamedia 
338 |a volume  |b nc  |2 rdacarrier 
500 |a Derived from the University of Arizona's Interdisciplinary Seminar Series on Housing in the Arid Environment. 
504 |a Includes bibliographies. 
650 0 |a Architecture, Domestic  |x Arid regions. 
700 1 |a Clark, Kenneth N. 
700 1 |a Paylore, Patricia. 
710 2 |a University of Arizona.  |b Arid Lands Natural Resources Committee. 
710 2 |a University of Arizona.  |b Office of Arid Lands Studies. 
999 |a MARS 
999 f f |s 15649c95-8578-326e-8350-491fca878ffe  |i 5a99d6bf-2b96-3f8e-bd94-7e16c1f94ed9  |t 0 
952 f f |p ric  |a Texas A&M University  |b Rellis Campus  |c Joint Library Facility  |d Remote Storage  |t 0  |e NA7117.A74 D47  |h Library of Congress classification  |i unmediated -- volume  |m A14806168578 
998 f f |a NA7117.A74 D47  |t 0  |l Remote Storage